[Event "Baden-ch U12"]
[Site "Ettlingen"]
[Date "2014.01.04"]
[Round "3"]
[White "Schuetze, Tim"]
[Black "Schmider, Niklas"]
[Result "0-1"]
[WhiteElo "1297"]
[BlackElo "1589"]
[PlyCount "96"]
[EventDate "2014.01.??"]
[EventType "swiss"]
[EventRounds "7"]
[EventCountry "GER"]
[SourceTitle "EXT 2022"]
[Source "ChessBase"]
[SourceDate "2021.10.06"]
[SourceVersion "1"]
[SourceVersionDate "2021.10.06"]
[SourceQuality "1"]

1. e4 e6 2. d4 d5 3. Nc3 Bb4 4. e5 c5 5. Nge2 Nc6 6. Be3 cxd4 7. Bxd4 Qc7 8. f4 Nxd4 9. Qxd4 Bc5 10. Qd3 f6 11. Nb5 Qa5+ 12. Nec3 a6 13. Qg3 Kf7 14. Nd6+ Bxd6 15. exd6 d4 16. Bc4 dxc3 17. bxc3 Qc5 18. Qd3 Bd7 19. 0-0-0 Nh6 20. Qe4 b5 21. Bb3 Rhe8 22. Rhf1 Nf5 23. Qd3 Ne3 24. Rfe1 Nxd1 25. Qxd1 Qf2 26. g3 Kg8 27. Re2 Qf3 28. Kb2 a5 29. Qe1 Qg4 30. a3 Kh8 31. Rd2 b4 32. cxb4 axb4 33. axb4 Qf5 34. Qh1 Qb5 35. Qe4 Qa6 36. Rd1 Qa3+ 37. Kc3 e5 38. f5 Rec8+ 39. Kd2 Bc6 40. Qd3 Qxb4+ 41. Ke3 Bb5 42. Qd2 Rc3+ 43. Kf2 Qc5+ 44. Kg2 Bc6+ 45. Kh3 e4 46. d7 Qxf5+ 47. Kh4 g5+ 48. Kh5 Qh3# 0-1

[Event "GER-ch U10"]
[Site "Oberhof"]
[Date "2012.05.31"]
[Round "8"]
[White "Schuetze, Tim"]
[Black "Shen, Julian"]
[Result "0-1"]
[WhiteElo "1231"]
[BlackElo "1383"]
[PlyCount "150"]
[EventDate "2012.05.27"]
[EventType "swiss"]
[EventRounds "11"]
[EventCountry "GER"]
[SourceTitle "CBM 148 Extra"]
[Source "ChessBase"]
[SourceDate "2012.06.22"]
[SourceVersion "1"]
[SourceVersionDate "2012.06.22"]
[SourceQuality "1"]

1. e4 d5 2. exd5 Qxd5 3. Nc3 Qa5 4. Nf3 Nf6 5. d4 c6 6. Bc4 Bf5 7. 0-0 e6 8. Bd2 Qc7 9. Re1 Be7 10. Bb3 0-0 11. Qe2 Nbd7 12. Nd1 Rfd8 13. c4 Nf8 14. Nc3 Bg4 15. Rad1 Bxf3 16. Qxf3 Rxd4 17. Bg5 Rxd1 18. Rxd1 Ng6 19. Rd2 Rd8 20. Rxd8+ Qxd8 21. Ne4 Nxe4 22. Bxe7 Nxe7 23. Qxe4 Qd2 24. Qb1 Ng6 25. h3 Nf4 26. Qe4 Nd3 27. Qd4 Qe1+ 28. Kh2 Qe5+ 29. Qxe5 Nxe5 30. a3 Nd3 31. Kg3 Nxb2 32. Kf3 Nd3 33. Ke3 Nc5 34. Bc2 h6 35. Kd4 Nd7 36. Ke4 Kf8 37. Kd4 Ke7 38. Ke4 Kd6 39. Kd4 f5 40. f4 a6 41. a4 b5 42. axb5 axb5 43. Bd3 c5+ 44. Kc3 b4+ 45. Kb3 Nb6 46. Be2 e5 47. g3 exf4 48. gxf4 g5 49. fxg5 hxg5 50. Bh5 Ke5 51. Be2 f4 52. Bf3 Kd4 53. Be2 Ke3 54. Bf1 f3 55. Ka2 Kd2 56. Kb3 f2 57. Kb2 Ke1 58. Bd3 f1Q 59. Bxf1 Kxf1 60. Kc2 Nxc4 61. Kb3 Kg2 62. Kxc4 Kxh3 63. Kb3 g4 64. Kc4 g3 65. Kb3 g2 66. Kc4 g1Q 67. Kb3 Kg3 68. Kc4 Qd1 69. Kxc5 Kf4 70. Kxb4 Qc2 71. Kb5 Ke4 72. Kb4 Kd5 73. Ka5 Qb3 74. Ka6 Kc6 75. Ka7 Qb7# 0-1

[Event "GER-ch U10"]
[Site "Oberhof"]
[Date "2012.05.29"]
[Round "6"]
[White "Schuetze, Tim"]
[Black "Rosenhain, Rachela"]
[Result "1-0"]
[WhiteElo "1231"]
[BlackElo "1368"]
[PlyCount "79"]
[EventDate "2012.05.27"]
[EventType "swiss"]
[EventRounds "11"]
[EventCountry "GER"]
[SourceTitle "CBM 148 Extra"]
[Source "ChessBase"]
[SourceDate "2012.06.22"]
[SourceVersion "1"]
[SourceVersionDate "2012.06.22"]
[SourceQuality "1"]

1. e4 c5 2. Nf3 e6 3. d4 cxd4 4. Nxd4 Nc6 5. Be3 Qc7 6. Nc3 Nf6 7. Bc4 Be7 8. 0-0 0-0 9. f4 Nxd4 10. Qxd4 b6 11. Be2 Bc5 12. Qd3 Bxe3+ 13. Qxe3 Bb7 14. Rac1 Rac8 15. Bf3 Qc5 16. Qxc5 Rxc5 17. e5 Bxf3 18. Rxf3 Nd5 19. Nxd5 Rxd5 20. Rd3 h6 21. Rxd5 exd5 22. Kf2 f6 23. exf6 Rxf6 24. g3 g5 25. Kf3 Kf7 26. Rd1 Ke6 27. Re1+ Kd6 28. Re8 Re6 29. Rxe6+ dxe6 30. fxg5 hxg5 31. Kg4 e5 32. Kxg5 e4 33. Kf4 Ke6 34. c4 a6 35. cxd5+ Kxd5 36. Ke3 Ke5 37. h3 b5 38. b4 Kd5 39. a3 Ke5 40. g4 1-0

[Event "GER-ch U10"]
[Site "Oberhof"]
[Date "2012.05.29"]
[Round "5"]
[White "Schulze, Nick"]
[Black "Schuetze, Tim"]
[Result "0-1"]
[WhiteElo "1072"]
[BlackElo "1231"]
[PlyCount "94"]
[EventDate "2012.05.27"]
[EventType "swiss"]
[EventRounds "11"]
[EventCountry "GER"]
[SourceTitle "CBM 148 Extra"]
[Source "ChessBase"]
[SourceDate "2012.06.22"]
[SourceVersion "1"]
[SourceVersionDate "2012.06.22"]
[SourceQuality "1"]

1. d4 d5 2. Nf3 e6 3. a3 Nf6 4. e3 Bd6 5. Nbd2 0-0 6. b3 b6 7. c4 Ba6 8. Bb2 c5 9. Bd3 Qd7 10. Qc2 h6 11. 0-0 b5 12. cxd5 cxd4 13. e4 Rc8 14. dxe6 fxe6 15. Qb1 e5 16. Rc1 b4 17. Rxc8+ Qxc8 18. Bxa6 Nxa6 19. a4 Nc5 20. Nc4 Qc7 21. Qd1 Nfxe4 22. Nxd6 Qxd6 23. Rc1 Nc3 24. Bxc3 bxc3 25. Rxc3 Rd8 26. Rc2 Nxb3 27. Re2 Qa6 28. Nxe5 Qxa4 29. Nc6 Qxc6 30. Qxb3+ Qd5 31. Qd3 Qc5 32. h3 a5 33. Qb3+ Kh8 34. Rc2 Qb4 35. Qg3 Qb1+ 36. Kh2 Qxc2 37. Qa3 Qc7+ 38. g3 d3 39. h4 d2 40. Qf3 d1R 41. Kg2 R1d6 42. h5 Qc6 43. Qxc6 Rxc6 44. g4 Rd2 45. Kh3 Rxf2 46. Kh4 Rc3 47. g5 Rf4# 0-1

[Event "GER-ch U10"]
[Site "Oberhof"]
[Date "2012.05.27"]
[Round "1"]
[White "Weiten, Teresa"]
[Black "Schuetze, Tim"]
[Result "0-1"]
[WhiteElo "834"]
[BlackElo "1231"]
[PlyCount "106"]
[EventDate "2012.05.27"]
[EventType "swiss"]
[EventRounds "11"]
[EventCountry "GER"]
[SourceTitle "CBM 148 Extra"]
[Source "ChessBase"]
[SourceDate "2012.06.22"]
[SourceVersion "1"]
[SourceVersionDate "2012.06.22"]
[SourceQuality "1"]

1. e4 c5 2. Nc3 Nc6 3. Nf3 Nf6 4. Bb5 e6 5. d3 Be7 6. Bf4 0-0 7. 0-0 d5 8. e5 Ne8 9. d4 Qb6 10. Qd3 cxd4 11. Ne2 Nb4 12. Qd2 Qxb5 13. Nfxd4 Qa6 14. c3 Nd3 15. Qe3 Nxf4 16. Nxf4 Bc5 17. Qg3 g6 18. Nf3 Kh8 19. Qh3 Be7 20. Rae1 Qxa2 21. Re3 Qxb2 22. Nd4 Kg7 23. Rg3 Rh8 24. f3 Kf8 25. Qh6+ Ng7 26. Rg4 Qxc3 27. Rd1 Bc5 28. Qg5 Qe3+ 29. Kf1 Ke8 30. Nh3 Bxd4 31. Rdxd4 Qxg5 32. Nxg5 Nf5 33. Rb4 Ne3+ 34. Ke2 Nxg4 35. fxg4 a5 36. Rb6 a4 37. Kd2 a3 38. Rb1 b5 39. Kc3 Ra4 40. Nf3 b4+ 41. Kc2 a2 42. Ra1 Ba6 43. Kb3 Bb5 44. Nd4 Bd7 45. Nc2 Ke7 46. Nxb4 Rb8 47. Kc3 Rbxb4 48. g5 Rb1 49. Rxb1 axb1Q 50. g4 Rc4+ 51. Kd2 Qc1+ 52. Ke2 Rc2+ 53. Kd3 Qd2# 0-1

[Event "Baden-ch U10"]
[Site "Karlsruhe"]
[Date "2012.01.05"]
[Round "6"]
[White "Schuetze, Tim"]
[Black "Schmider, Niklas"]
[Result "1-0"]
[WhiteElo "1363"]
[BlackElo "863"]
[PlyCount "69"]
[EventDate "2012.01.03"]
[EventType "swiss"]
[EventRounds "7"]
[EventCountry "GER"]
[SourceTitle "EXT 2015"]
[Source "ChessBase"]
[SourceDate "2014.11.20"]
[SourceVersion "1"]
[SourceVersionDate "2014.11.20"]
[SourceQuality "1"]

1. d4 d5 2. Bf4 Nc6 3. e3 Nf6 4. Nd2 Bf5 5. c3 e6 6. Ngf3 Be7 7. Be2 0-0 8. Ne5 Nxe5 9. dxe5 Ne4 10. Nf3 c6 11. h4 b5 12. Nd4 Qb6 13. g4 Bxg4 14. Bxg4 b4 15. Qb3 Nc5 16. Qc2 bxc3 17. Qxc3 Rfc8 18. b3 Ne4 19. Qc2 Bb4+ 20. Kf1 Qa6+ 21. Be2 Qb6 22. f3 Nd2+ 23. Kf2 c5 24. Nb5 Qa5 25. Rhg1 a6 26. Nd6 Rc7 27. Bh6 g6 28. h5 d4 29. Nc4 Nxc4 30. Bxc4 dxe3+ 31. Bxe3 Kf8 32. hxg6 hxg6 33. Bh6+ Ke7 34. Bg5+ Kf8 35. Rh1 1-0

[Event "Baden-ch U10"]
[Site "Karlsruhe"]
[Date "2012.01.04"]
[Round "3"]
[White "Kokshenyev, Michael"]
[Black "Schuetze, Tim"]
[Result "0-1"]
[WhiteElo "763"]
[BlackElo "1363"]
[PlyCount "90"]
[EventDate "2012.01.03"]
[EventType "swiss"]
[EventRounds "7"]
[EventCountry "GER"]
[SourceTitle "EXT 2015"]
[Source "ChessBase"]
[SourceDate "2014.11.20"]
[SourceVersion "1"]
[SourceVersionDate "2014.11.20"]
[SourceQuality "1"]

1. e4 c5 2. Nf3 Nc6 3. Nc3 e5 4. Bc4 d6 5. h3 h6 6. 0-0 Qf6 7. d3 Qg6 8. Nh4 Qf6 9. Qf3 Nd4 10. Qxf6 Nxf6 11. Bb3 Be7 12. Be3 Nxb3 13. axb3 Nxe4 14. Nxe4 d5 15. Nxc5 d4 16. Bd2 Bxc5 17. Rfe1 Bd6 18. Nf3 f6 19. c3 dxc3 20. bxc3 0-0 21. d4 exd4 22. Nxd4 Rd8 23. Ne6 Bxe6 24. Rxe6 Bc5 25. Rd1 Re8 26. Ree1 Rad8 27. Bf4 Rxd1 28. Rxd1 Re2 29. Bg3 Rc2 30. b4 Bb6 31. Rd3 g5 32. h4 f5 33. Kf1 f4 34. Bh2 Rxf2+ 35. Ke1 Rxg2 36. hxg5 hxg5 37. Rh3 g4 38. Rh4 g3 39. Bxg3 fxg3 40. Rg4+ Kf8 41. Rf4+ Ke8 42. Re4+ Kd8 43. Rg4 Rh2 44. Rxg3 Bf2+ 45. Kd2 Bxg3+ 0-1